000 00322nam a2200109Ia 4500
005 20251222154403.0
008 251222s9999||||xx |||||||||||||| ||spa||
082 _a658.3/E92
100 _a"Estivill, J.García Nieto, J.Homs, O."
245 0 _aLa participación de los trabajadores en la gestión de la empresa
942 _cLIB
999 _c35384
_d35384